<The> Management of government debt

Na minha lista:
Detalhes bibliográficos
Autor principal: Gray, Simon
Formato: Livro
Idioma:inglês
Publicado em: London Bank of England 1996
Colecção:Handbooks in Central Banking No. 5
Assuntos:
Tags: Adicionar Tag
Sem tags, seja o primeiro a adicionar uma tag!

MARC

LEADER 00000nam a2200000 4500
001 c125140
005 20221221082914.1
020 |a 1-85730-054-8 
041 0 |a eng 
044 |a GB 
245 1 0 |a <The> Management of government debt  |c Simon Gray 
264 1 |a London  |b Bank of England  |c 1996 
300 |a 36 s. 
490 1 |a Handbooks in Central Banking  |v No. 5 
830 0 |a Handbooks in Central Banking  |v No. 5 
610 2 0 |a dlhy štátne 
610 2 0 |a riadenie 
610 2 0 |a sektor terciárny 
610 2 0 |a financie 
610 2 0 |a politika peňažná 
610 2 0 |a náklady 
610 2 0 |a riziko 
610 2 0 |a úver 
610 2 0 |a investori 
610 2 0 |a cash flow 
610 2 0 |a miera úroková 
610 2 0 |a benchmarking 
610 2 0 |a likvidita 
610 2 0 |a zdaňovanie 
610 2 0 |a banky 
610 2 0 |a bankovníctvo 
610 2 0 |a trh peňažný 
100 1 |a Gray, Simon